000 00326pab a2200145 454500
008 180718b1989 xxu||||| |||| 00| 0 eng d
100 _aSharma, R.N.
245 _aErosion of Parliamentary democracy
260 _c1989
300 _a15,35
362 _a9 Sept.
650 _aDemocracy
773 _aMainstream
909 _a7192
999 _c7192
_d7192